Антропологія війни. Case study: дивізія "Галичина" (Запис № 421221)

МАРК-запис
000 -Лідер
fixed length control field 01258nam a22002657a 4500
003 - Ідентифікатор контрольного номера
control field UA-OsUOA
001 - Контрольний номер
control field 132665
007 - Фіксоване поле фізичного опису
fixed length control field ta
008 - Елементи даних фіксованої довжини – загальна інформація
fixed length control field 20180830b un ||||| |||| 00| 0 ukr d
090 ## - Локальний шифр розміщення
Класифікаційний індекс УДК 94(477.8)
Авторський знак (НП) Г84
040 ## - Джерело каталогізації
Агенція оригінальної каталогізації UA-OsUOA
Мова каталогізації ukr
Агенція, яка здійснювала перезапис UA-OsUOA
Агенція, яка здійснювала модифікацію UA-OsUOA
041 ## - Код мови
Код мови тексту/ звукової доріжки чи окремого заголовка (П) ukr
080 ## - Індекс Універсальної десяткової класифікації
Індекс Універсальної десяткової класифікації (УДК) (НП) 94(477.8)
020 ## - Міжнародний стандартний книжковий номер (ISBN)
Міжнародний стандартний книжковий номер (ISBN) (НП) 978-617-7310-22-7
100 ## - Основне введення – ім’я особи
Ім’я особи (НП) Гримич М.
245 ## - Відомості про назву
Назва (НП) Антропологія війни. Case study: дивізія "Галичина"
Решта назви (НП) монографія
260 ## - Публікація, розповсюдження і т.п. (Вихідні дані)
Місце публікації, розповсюдження і т.п. (П) К.
Ім’я/ наймення видавництва, розповсюджувача і т.п. (П) Дуліби
Дата публікації, розповсюдження і т.п. (П) 2017
300 ## - Фізичний опис
Обсяг 256 с.
520 3# - Резюме і т.п.
Резюме, реферат, анотація, тощо (НП) Зміст1. Соціокультурна специфіка дивізії2. Життя на війні та в полоні: побутова культура дивізійників3. Специфіка бойової культури: вишкіл4. Специфіка бойової культури: фронт. Бродівський колективний оповідальний цикл5. Звичаєве право6. Ри
520 3# - Резюме і т.п.
Резюме, реферат, анотація, тощо (НП) туальні та позаритуальні практики в екстремальних умовах
650 #7 - Додаткове предметне введення – тематичний термін
Тематичний термін чи географічна назва, як елемент введення (НП) 9 Географія. Біографії. Історія
Джерело заголовка чи терміна UDC
942 ## - Додаткові елементи входу (Коха)
Тип елемента Koha Книги
955 ## - Код типу видання за змістом
Код типу видання за змістом (НП) Наукові видання
Фонди
Стан вилучень Стан втрат Джерело класифікації або схеми стелажів Стан уражень Не для кредиту Постійне місце розташування Поточне розміщення Дата придбання Джерело придбання Вартість, звичайна ціна покупки Інвентарний номер Усього замовленно Повний номер виклику Штрих-код Дата останнього перегляду Ціна ефективна від Тип елемента Koha
    Universal Decimal Classification     ЧЗ - Читальна зала ЧЗ - Читальна зала 30/08/2018 32/2018 100.00 159662   94(477.8) Г84 159662 07/02/2022 30/08/2018 Книги